<?xml version="1.0" encoding="UTF-8" ?>
<collection xmlns="http://www.loc.gov/MARC21/slim"><record><leader>01261nam a2200277 c 4500</leader><controlfield tag="001">217127</controlfield><controlfield tag="003">CH-000273-5</controlfield><controlfield tag="005">20220707134347.0</controlfield><datafield tag="035" ind1=" " ind2=" "><subfield code="a">(OCoLC)1252812730</subfield></datafield><datafield tag="040" ind1=" " ind2=" "><subfield code="a">CH-000273-5</subfield><subfield code="b">ger</subfield><subfield code="e">rda</subfield></datafield><datafield tag="041" ind1=" " ind2=" "><subfield code="a">ger</subfield></datafield><datafield tag="100" ind1="1" ind2="0"><subfield code="a">Düblin, Jacques</subfield><subfield code="d">1901-1978</subfield><subfield code="e">Verfasser</subfield><subfield code="4">aut</subfield></datafield><datafield tag="245" ind1="0" ind2="0"><subfield code="a">Postkarte, Tit. Kunsthaus Zürich, Zürich, Kunsthaus, Tit. Kunsthaus, Zürich.</subfield><subfield code="c">Hochachtungsvoll Jacques Düblin, Oberwil [S.]</subfield></datafield><datafield tag="264" ind1=" " ind2=" "><subfield code="a">Oberwil</subfield><subfield code="c">[1941]</subfield></datafield><datafield tag="300" ind1=" " ind2=" "><subfield code="a">Postkarte</subfield><subfield code="c">10,5 x 14,8 cm</subfield></datafield><datafield tag="336" ind1=" " ind2=" "><subfield code="a">Text</subfield><subfield code="b">txt</subfield><subfield code="2">rdacontent</subfield></datafield><datafield tag="337" ind1=" " ind2=" "><subfield code="a">ohne Hilfsmittel zu benutzen</subfield><subfield code="b">n</subfield><subfield code="2">rdamedia</subfield></datafield><datafield tag="338" ind1=" " ind2=" "><subfield code="a">Blatt</subfield><subfield code="b">nb</subfield><subfield code="2">rdacarrier</subfield></datafield><datafield tag="500" ind1=" " ind2=" "><subfield code="a">Poststempel schlecht lesbar: Basel 16. VIII ..., 5. Schweizer Armeemeisterschaften fanden 1941 in Basel statt : https://www.sportantiquariat.ch/0-21-21-26292-0-0-0-5~schweizerische~armeemeisterschaften~in~basel~4.html</subfield></datafield><datafield tag="600" ind1="1" ind2="7"><subfield code="a">Düblin, Jacques</subfield><subfield code="d">1901-1978</subfield><subfield code="x">Postkarte</subfield><subfield code="x">Manuskript</subfield><subfield code="2">gnd</subfield></datafield><datafield tag="610" ind1="2" ind2="7"><subfield code="a">Kunsthaus Zürich</subfield><subfield code="x">Ausstellung</subfield><subfield code="x">Geschäftsbrief</subfield><subfield code="2">gnd</subfield></datafield><datafield tag="655" ind1="0" ind2="7"><subfield code="a">Manuskript</subfield><subfield code="2">gnd</subfield></datafield><datafield tag="655" ind1="0" ind2="7"><subfield code="a">Postkarte</subfield><subfield code="2">gnd-content</subfield></datafield><datafield tag="710" ind1="2" ind2="0"><subfield code="a">Kunsthaus Zürich</subfield><subfield code="e">Adressat</subfield><subfield code="4">rcp</subfield></datafield><datafield tag="852" ind1="4" ind2="0"><subfield code="a">CH-000273-5</subfield><subfield code="c">10.30.30.187.düblin.19410816</subfield></datafield><datafield tag="856" ind1="4" ind2="1"><subfield code="u">https://digital.kunsthaus.ch/viewer/image/217127/1/</subfield><subfield code="y">Kunsthaus Zürich Sammlungen online</subfield></datafield></record></collection>